|
|
|
|
| LEADER |
00000nam a22000007a 4500 |
| 008 |
240403b |||||||| |||| 00| 0 eng d |
| 020 |
|
|
|a 9780803639072
|
| 100 |
|
|
|a CAMPBELL, Linda
|a Laustsen, Gary R.
|a Gilbert, Marcia A.
|
| 245 |
|
|
|a Capstone coach for nursing excellence
|c /Linda Campbell, Gary R . Laustsen and Marcia A.Gilbert
|g xvi, 329p;ill
|
| 250 |
|
|
|b 2nd
|
| 260 |
|
|
|b Davis
|c 2014
|h Philadephia, U.S.A
|i 701038
|i 701039
|l RT86.7.C14
|m Nursing process- United States
|m Clinical competence -United States
|m Education, Nursing -United States
|m Nurse's Role-United States
|
| 500 |
|
|
|a it includes references and index
|
| 942 |
|
|
|a lcc
|c BK
|e Johnson
|f 03/04/24
|
| 952 |
|
|
|0 0
|1 0
|2 lcc
|4 0
|6 RT00867 C14
|7 0
|9 5030
|a HE
|b HOL
|c QZ
|d 2024-04-03
|l 0
|o RT86.7.C14
|p 2024-0281
|r 2024-04-03 00:00:00
|t 707038
|w 2024-04-03
|y BK
|
| 952 |
|
|
|0 0
|1 0
|2 lcc
|4 0
|6 RT00867 C14
|7 0
|9 5031
|a HOL
|b HOL
|c QZ
|d 2024-04-03
|l 0
|o RT86.7.C14
|r 2024-04-03 00:00:00
|t 707038
|w 2024-04-03
|y BK
|
| 999 |
|
|
|c 2497
|d 2497
|